00182nam a2200073 4500008004100000245002400041246003400065260000900099240223b |||||||| |||| 00| 0 eng d aEmpowerment-Vol. 4  aA Journal of women for women  c1997